Top 100 Biggest Cities in Pennsylvania - Statistics

General Stats
  • This quiz has been taken 2,719 times
    343 since last reset
  • The average score is 23 of 100
Answer Stats
# City Population % Correct
1 Philadelphia 1,603,797
99%
2 Pittsburgh 302,971
99%
3 Allentown 125,845
91%
5 Erie 94,831
89%
7 Scranton 76,328
88%
17 Harrisburg 50,099
87%
4 Reading 95,112
82%
12 Lancaster 58,039
80%
8 Bethlehem 75,781
75%
65 Bethlehem Township 25,861
75%
20 Wilkes-Barre 44,328
75%
19 York 44,800
74%
44 York Township 29,740
74%
22 Altoona 43,963
71%
25 State College 40,501
70%
39 Chester 32,605
62%
52 Williamsport 27,754
56%
50 Easton 28,127
51%
56 Lebanon 26,814
48%
28 Norristown 35,748
43%
43 Hazleton 29,963
37%
72 Pottstown 23,433
34%
95 Carlisle 20,118
33%
82 Chambersburg 21,903
33%
47 Monroeville 28,640
32%
33 Bethel Park 33,577
30%
79 New Castle 21,926
30%
6 Upper Darby Township 85,681
26%
96 Penn Township 20,047
24%
13 Bristol Township 54,582
20%
54 Plum 27,144
20%
10 Bensalem Township 62,707
19%
23 Penn Hills Township 42,329
19%
48 Spring Township 28,396
19%
37 Cranberry Township 33,087
18%
9 Lower Merion Township 63,633
18%
53 Moon Township 27,261
18%
18 Middletown Township 46,040
17%
11 Abington Township 58,502
16%
16 Haverford Township 50,431
15%
26 Northampton Township 39,915
15%
69 Springfield Township 25,070
15%
90 Springfield Township 20,814
15%
87 Murrysville 21,006
14%
31 Upper Merion Township 33,613
14%
30 Mt. Lebanon Township 34,075
13%
24 Hempfield Township 41,585
12%
34 Radnor Township 33,228
12%
42 Ridley Township 31,053
11%
84 Baldwin 21,510
10%
27 Cheltenham Township 37,452
10%
14 Millcreek Township 54,070
10%
64 Montgomery Township 25,862
10%
73 Marple Township 23,428
9%
36 Ross Township 33,176
9%
29 Falls Township 34,716
8%
15 Lower Paxton Township 53,514
8%
60 Horsham Township 26,564
7%
40 Lower Macungie Township 32,426
7%
21 Manheim Township 43,977
7%
45 McCandless Township 29,709
7%
76 Peters Township 22,946
7%
74 Upper Allen Township 23,183
7%
59 Upper Dublin Township 26,665
7%
61 Upper Macungie Township 26,377
7%
85 Upper St. Clair Township 21,160
7%
66 Warrington Township 25,639
7%
58 Whitehall Township 26,738
7%
32 Warminster Township 33,603
6%
68 Exeter Township 25,500
5%
81 Muhlenberg Township 21,915
5%
97 Newtown Township 19,895
5%
49 Shaler Township 28,132
5%
57 Susquehanna Township 26,740
5%
46 Tredyffrin Township 29,332
5%
75 West Goshen Township 23,040
5%
70 Derry Township 24,717
4%
77 Dover Township 22,366
4%
35 Lower Makefield Township 33,180
4%
41 North Huntingdon Township 31,847
4%
98 Stroud Township 19,812
4%
51 Swatara Township 27,827
4%
78 Palmer Township 22,317
3%
94 Whitpain Township 20,333
3%
89 Buckingham Township 20,851
2%
62 East Hempfield Township 26,350
2%
88 East Pennsboro Township 20,905
2%
38 Hampden Township 32,762
2%
67 Lower Providence Township 25,625
2%
92 Lower Southampton Township 20,599
2%
80 Manor Township 21,920
2%
55 Springettsbury Township 27,032
2%
83 Unity Township 21,724
2%
63 Upper Moreland Township 26,116
2%
71 Upper Providence Township 24,091
2%
91 Coolbaugh Township 20,805
1%
93 Limerick Township 20,458
1%
86 South Whitehall Township 21,080
1%
100 West Whiteland Township 19,632
1%
99 Whitemarsh Township 19,707
1%
No matching quizzes found
Score Distribution
Percent of People with Each Score
Percentile by Number Answered
Your Score History
You have not taken this quiz since the last reset